000
00268nam a22001217a 4500
082
_a
330.1 GEE
100
_a
GREEN, Francis.
245
_a
Economics, an anti-text
260
_a
London.
_c
1977
300
_a
xii,215p.
_b
Ill., 18cm.
500
_a
References
942
_c
BK
999
_c
20573
_d
20573